| 000 | 01010nam a2200301 i 4500 | ||
|---|---|---|---|
| 001 | 000017 | ||
| 003 | DO-SdBNP | ||
| 005 | 20250207085514.0 | ||
| 007 | ta | ||
| 008 | 100330s1983 dr r 000 e spa d | ||
| 040 |
_aDO-SdBNP _bspa _cBNPHU _erda |
||
| 041 | _aspa | ||
| 082 | 4 |
_aRD864.4 _bD159c 1983 _222 |
|
| 100 | 1 |
_aDamirón, Rafael, _d1882-1956 _eautor _4aut. _927287 |
|
| 245 | 1 | 0 |
_aCronicones de antaño / _cRafael Damirón. |
| 250 | _aSegunda edición | ||
| 264 | 1 |
_aSanto Domingo : _bEditora Alfa y Omega, _c1983. |
|
| 300 |
_a180 páginas ; _c22 cm. |
||
| 336 |
_atexto _btxt _2rdacontent |
||
| 337 |
_asin mediación _bn _2rdamedia |
||
| 338 |
_avolumen _bnc _0rdacarrier |
||
| 534 |
_pPublicado originalmente: _aDamiron, Rafael. _tCronicones de antaño _nCiudad de Trujillo: Impresora Dominicana, 1949 |
||
| 590 | _aInventariado, 2018/ YL | ||
| 650 | 4 |
_aEnsayos dominicanos _965 |
|
| 650 | 4 |
_aLiteratura dominicana. _967 |
|
| 910 | _aVMateo / Validado. Control de calidad MFF | ||
| 942 |
_2ddc _cLBS1 |
||
| 999 |
_c17220 _d17220 |
||